Small town regneration (Record no. 118293)

MARC details
000 -LEADER
fixed length control field 01217cam a2200241 4500
001 - CONTROL NUMBER
control field WB@3612-628
008 - FIXED-LENGTH DATA ELEMENTS--GENERAL INFORMATION
fixed length control field 041110n2004 000 0 eng u
035 ## - SYSTEM CONTROL NUMBER
System control number (Sirsi) u127942
245 ## - TITLE STATEMENT
Title Small town regneration
260 ## - PUBLICATION, DISTRIBUTION, ETC.
Date of publication, distribution, etc. 2004
490 ## - SERIES STATEMENT
Series statement Planning (for the Natural and Built Environment)
Volume/sequential designation 5 November 2004, 3(1)
490 ## - SERIES STATEMENT
Series statement Estates Gazette
Volume/sequential designation (0444) 30 October 2004, 42 (1)
520 ## - SUMMARY, ETC.
Summary, etc. The British council of shopping centres' has published "The smaller towns report: delivering retail-led renaissance in towns and smaller cities". The report identifies how smaller towns can differentiate themselves based on competition, catchment, character, choice and convenience. It also argues that planning obligations and affordable housing requirements must be halted to enable towns and small cities to attract commercial development. This will kick-start retail-led regeneration and will attract shoppers and ultimately investors. For more information visit: http://www.bcsc.org.uk/index.asp.
590 ## - LOCAL NOTE (RLIN)
Local note WB
590 ## - LOCAL NOTE (RLIN)
Local note WB
650 ## - SUBJECT ADDED ENTRY--TOPICAL TERM
Topical term or geographic name entry element REGENERATION
650 ## - SUBJECT ADDED ENTRY--TOPICAL TERM
Topical term or geographic name entry element MARKET TOWNS
650 ## - SUBJECT ADDED ENTRY--TOPICAL TERM
Topical term or geographic name entry element TOWN CENTRE
650 ## - SUBJECT ADDED ENTRY--TOPICAL TERM
Topical term or geographic name entry element SMALL TOWNS
650 ## - SUBJECT ADDED ENTRY--TOPICAL TERM
Topical term or geographic name entry element RETAILING
690 ## - LOCAL SUBJECT ADDED ENTRY--TOPICAL TERM (OCLC, RLIN)
Topical term or geographic name as entry element PLANNING
942 ## - ADDED ENTRY ELEMENTS (KOHA)
Suppress in OPAC 0
Holdings
Withdrawn status Lost status Source of classification or shelving scheme Damaged status Not for loan Home library Current library Shelving location Date acquired Total Checkouts Full call number Barcode Date last seen Copy number Price effective from Koha item type
    Dewey Decimal Classification     London London News article 10/11/2004   WB4043-12 127942-1001 06/08/2019 1 06/08/2019 News article